00544 2200169 4500245004200000020002200042250001100064100001500075650002600090005001900116260000900135041001400144084001000158500016800168490002900336336000900365 aInsects and SpiderscNurhasanahhText a978-602-7528-85-7 aCet. 1 aNurhasanah aEnsiklopedia Serangga a20231031132125 c2012 aIndonesia a590.3 aDaftar Isi : Pengenalan ; Serangga, Laba-laba, Fokus ; Serangga yang Luar Biasa, Laba-laba yang Menakjubkan, Serangga dan Famili Laba-laba, Daftar Istilah, Indeks. aEnsiklopedia Super Sains atext